000 00301nam a22001097a 4500
008 230605b xxu||||| |||| 00| 0 eng d
082 _a328.405
_bCPST
245 _aLawmaking and procedural matters
_bA manual for the parliamentary studies and Training
260 _bCPST
300 _a80p
942 _2ddc
_cBK
999 _c380
_d380